[Event "Nordic-ch U20"]
[Site "Borgarnes"]
[Date "2019.02.16"]
[Round "4"]
[White "Holm, Filip"]
[Black "Stefansson, Vignir Vatnar"]
[Result "0-1"]
[WhiteElo "1960"]
[BlackElo "2263"]
[PlyCount "42"]
[EventDate "2019.02.14"]
[EventType "swiss"]
[EventRounds "6"]
[EventCountry "ISL"]
[SourceTitle "CBM 189 Extra"]
[Source "ChessBase"]
[SourceDate "2019.06.03"]
[SourceVersion "1"]
[SourceVersionDate "2019.06.03"]
[SourceQuality "1"]

1. e4 g6 2. d4 Bg7 3. c4 d6 4. Nc3 Nf6 5. Bd3 e5 6. d5 0-0 7. b4 a5 8. bxa5 Na6 9. Nge2 Nh5 10. Be3 f5 11. f3 Nf4 12. 0-0 Qg5 13. g3 Nh3+ 14. Kh1 Qxe3 15. Kg2 Ng5 16. Nc1 fxe4 17. Nxe4 Bh3+ 18. Kh1 Nxe4 19. fxe4 Bxf1 20. Bxf1 Qxe4+ 21. Bg2 Qd4 0-1

[Event "Aarhus op-A"]
[Site "Aarhus"]
[Date "2017.09.09"]
[Round "5"]
[White "Vangsgaard, Freja"]
[Black "Holm, Filip"]
[Result "1/2-1/2"]
[WhiteElo "2062"]
[BlackElo "1807"]
[PlyCount "119"]
[EventDate "2017.09.08"]
[EventType "swiss"]
[EventRounds "7"]
[EventCountry "DEN"]
[SourceTitle "EXT 2018"]
[Source "ChessBase"]
[SourceDate "2017.10.13"]
[SourceVersion "1"]
[SourceVersionDate "2017.10.13"]
[SourceQuality "1"]

1. d4 d5 2. c4 c6 3. Nf3 Nf6 4. e3 Nbd7 5. b3 e6 6. Bb2 Be7 7. Bd3 b6 8. 0-0 0-0 9. Nc3 Re8 10. Qc2 Ba6 11. Rad1 Rc8 12. Ne5 h6 13. f4 c5 14. cxd5 Bxd3 15. Qxd3 Nxe5 16. dxe5 Nxd5 17. Nxd5 exd5 18. Qxd5 Qxd5 19. Rxd5 c4 20. bxc4 Rxc4 21. Rd2 Bc5 22. Bd4 Bb4 23. Re2 f6 24. Kf2 fxe5 25. Bxe5 Re4 26. Rd1 Rc4 27. Rd7 Re7 28. Rxe7 Bxe7 29. Bd4 Kf7 30. g4 g6 31. Kf3 Bc5 32. Bxc5 Rxc5 33. Rd2 Ke6 34. h3 b5 35. Rb2 a5 36. Kf2 b4 37. e4 Rc3 38. f5+ Kf6 39. h4 gxf5 40. exf5 Rc4 41. Kg3 Rc3+ 42. Kh2 h5 43. gxh5 Kxf5 44. Rg2 a4 45. h6 Rc8 46. h7 Rh8 47. Rg5+ Kf6 48. Rb5 b3 49. axb3 axb3 50. Rxb3 Rxh7 51. Kh3 Kg6 52. Kg4 Rg7 53. h5+ Kh6+ 54. Kf5 Rg5+ 55. Kf6 Rxh5 56. Rb8 Kh7 57. Rb7+ Kh6 58. Rb8 Kh7 59. Rb7+ Kh6 60. Rb8 1/2-1/2

[Event "Aarhus op-A"]
[Site "Aarhus"]
[Date "2017.09.08"]
[Round "3"]
[White "Matthiesen, Martin"]
[Black "Holm, Filip"]
[Result "1-0"]
[WhiteElo "2291"]
[BlackElo "1807"]
[PlyCount "81"]
[EventDate "2017.09.08"]
[EventType "swiss"]
[EventRounds "7"]
[EventCountry "DEN"]
[SourceTitle "EXT 2018"]
[Source "ChessBase"]
[SourceDate "2017.10.13"]
[SourceVersion "1"]
[SourceVersionDate "2017.10.13"]
[SourceQuality "1"]

1. Nf3 d5 2. c4 e6 3. g3 Nf6 4. Bg2 c6 5. b3 g6 6. Bb2 Bg7 7. 0-0 0-0 8. d4 b6 9. Nbd2 Ba6 10. Ne5 Qd6 11. e4 Nbd7 12. Qc2 dxe4 13. Nxe4 Nxe4 14. Qxe4 c5 15. Rad1 cxd4 16. Nxd7 Qxd7 17. Bxd4 Bxd4 18. Qxd4 Qxd4 19. Rxd4 Rad8 20. Rfd1 Rxd4 21. Rxd4 Bc8 22. Rd6 Kg7 23. Kf1 Kf6 24. Rc6 Rd8 25. Rc7 a6 26. Ke2 b5 27. c5 Rf8 28. Ra7 Ke5 29. Ke3 h5 30. f4+ Kf6 31. c6 e5 32. Bd5 exf4+ 33. gxf4 Re8+ 34. Kd4 Re7 35. Ra8 Be6 36. Rxa6 Bxd5 37. c7+ Re6 38. c8Q Rxa6 39. Qxa6+ Be6 40. Qxb5 Kg7 41. Ke5 1-0

[Event "DEN-ch Kort1 B"]
[Site "Skorping"]
[Date "2017.04.10"]
[Round "5"]
[White "Holm, Filip"]
[Black "Ehlers, Kjeld"]
[Result "1-0"]
[WhiteElo "1675"]
[BlackElo "1581"]
[PlyCount "25"]
[EventDate "2017.04.08"]
[EventType "swiss"]
[EventRounds "5"]
[EventCountry "DEN"]
[SourceTitle "EXT 2023"]
[Source "ChessBase"]
[SourceDate "2022.10.05"]
[SourceVersion "1"]
[SourceVersionDate "2022.10.05"]
[SourceQuality "1"]

1. e4 c5 2. c3 e5 3. Bc4 Nf6 4. d3 Be7 5. Ne2 Nc6 6. f4 d5 7. exd5 Nxd5 8. 0-0 0-0 9. Na3 a6 10. Bxd5 Qxd5 11. Nc4 Bd8 12. fxe5 Nxe5 13. Nf4 1-0

[Event "DEN-ch Kort1 B"]
[Site "Skorping"]
[Date "2017.04.08"]
[Round "1"]
[White "Nielsen, Jorgen Holmstrom"]
[Black "Holm, Filip"]
[Result "0-1"]
[WhiteElo "1734"]
[BlackElo "1675"]
[PlyCount "90"]
[EventDate "2017.04.08"]
[EventType "swiss"]
[EventRounds "5"]
[EventCountry "DEN"]
[SourceTitle "EXT 2023"]
[Source "ChessBase"]
[SourceDate "2022.10.05"]
[SourceVersion "1"]
[SourceVersionDate "2022.10.05"]
[SourceQuality "1"]

1. Nc3 e5 2. Nf3 Nc6 3. d4 exd4 4. Nxd4 Nxd4 5. Qxd4 Qf6 6. Be3 c6 7. 0-0-0 d5 8. h4 Bd7 9. g3 Qxd4 10. Bxd4 Nh6 11. f3 Nf5 12. Bf2 Bd6 13. Rg1 Bc7 14. e4 dxe4 15. Nxe4 0-0-0 16. Bxa7 Be6 17. Be2 Rxd1+ 18. Kxd1 b6 19. Ba6+ Kd7 20. Bb7 Bd5 21. Kc1 Bd8 22. Rd1 Kc7 23. Ba6 Bxe4 24. fxe4 Nxg3 25. a4 Bxh4 26. a5 bxa5 27. Bc4 Bg5+ 28. Kb1 Nxe4 29. Bxf7 Nd2+ 30. Ka2 Rf8 31. Bh5 Rf1 32. Rxf1 Nxf1 33. Kb3 Be3 34. Bxe3 Nxe3 35. c4 Kb6 36. Kc3 Kc5 37. b3 g6 38. Bf3 h5 39. Kd3 Ng4 40. Ke4 Kb4 41. Kf4 c5 42. Bd1 Nf6 43. Kg5 Ne4+ 44. Kxg6 Nd2 45. Kxh5 Nxb3 0-1